000 00858nam a2200265Ia 4500
003 OSt
005 20220918173103.0
006 a|||||r|||| 00| 0
007 ta
008 220917b |||||||| |||| 00| 0 eng d
024 _a4,895
037 _cTextual
040 _aARTS
_cARTS
_beng
041 _2eng
_aeng
082 _a2:55: (D65, 8 (B), N4 (2D)
100 _aDrabenstott Karen Markey
_944777
245 0 _aUsing subject headings for online retrieval
_b Theory practice, and potential
260 _aSan
_bDiego Academic Press
_c1994
300 _axviii, 365p. Appendix
_ccm.
490 _aLibrary & information science
650 _aLIBRARY SCIENCE
700 _a Vizine-Goetz Diane
_944778
942 _h2:55: (D65, 8 (B), N4 (2D)
_cTEXL
_2CC
999 _c147081
_d147081